000 00321nam a2200121Ia 4500
008 240731s9999 xx 000 0 und d
022 _a1930-6962
245 4 _aThe Germanic Review: Literature, Culture, Theory
260 _bRoutledge
856 _uhttps://www.tandfonline.com/loi/vger20
942 _2ddc
942 _cTFEJ
999 _c79919
_d79919
945 _a1
_bMadushi Gamage
_c1
_dMadushi Gamage